| 000 | 00382nam a2200145Ia 4500 | ||
|---|---|---|---|
| 008 | 230917s9999||||xx |||||||||||||| ||und|| | ||
| 040 |
_e1585 _aMAIN |
||
| 041 | _aEnglish | ||
| 082 | _a541.3453 L513C | ||
| 100 | _aLee, Lieng-Huang | ||
| 245 | 0 | _aCharacterization of metal and polymer surfaces | |
| 260 |
_aNew York _bAcademic Press _c1977 |
||
| 300 | _axiv, 517 p. | ||
| 942 | _cBK | ||
| 999 |
_c188016 _d188016 |
||